Psychology <The> Essential Science
Enregistré dans:
| Auteur principal: | |
|---|---|
| Format: | Livre |
| Langue: | anglais |
| Publié: |
Boston
Allyn and Bacon
1989
|
| Édition: | 1. ed. |
| Sujets: | |
| Tags: |
Pas de tags, Soyez le premier à ajouter un tag!
|
MARC
| LEADER | 00000nam a2200000 4500 | ||
|---|---|---|---|
| 001 | c010005 | ||
| 005 | 20221206131557.8 | ||
| 020 | |a 0-205-11432-6 | ||
| 041 | 0 | |a eng | |
| 044 | |a US | ||
| 245 | 1 | 0 | |a Psychology |b <The> Essential Science |c Robert A. Baron |
| 250 | |a 1. ed. | ||
| 264 | 1 | |a Boston |b Allyn and Bacon |c 1989 | |
| 300 | |a 587 s. | ||
| 610 | 2 | 0 | |a psychológia |
| 610 | 2 | 0 | |a správanie sociálne |
| 610 | 2 | 0 | |a motivácia |
| 610 | 2 | 0 | |a osobnosť |
| 610 | 2 | 0 | |a zdravie |
| 100 | 1 | |a Baron, Robert A. | |